Konflikt und Freiheit : auf dem Weg zur Dienstklassengesellschaft
Uloženo v:
| Hlavní autor: | |
|---|---|
| Médium: | Kniha |
| Jazyk: | Undetermined |
| Vydáno: |
München
R. Piper
1972
|
| Témata: | |
| Tagy: |
Přidat tag
Žádné tagy, Buďte první, kdo otaguje tento záznam!
|
| Thư viện lưu trữ: | Trung tâm Học liệu Trường Đại học Cần Thơ |
|---|
| LEADER | 00547nam a2200193Ia 4500 | ||
|---|---|---|---|
| 001 | CTU_91329 | ||
| 008 | 210402s9999 xx 000 0 und d | ||
| 082 | |a 301 | ||
| 082 | |b D129 | ||
| 100 | |a Dahrendorf, Ralf | ||
| 245 | 0 | |a Konflikt und Freiheit : | |
| 245 | 0 | |b auf dem Weg zur Dienstklassengesellschaft | |
| 245 | 0 | |c Ralf Dahrendorf | |
| 260 | |a München | ||
| 260 | |b R. Piper | ||
| 260 | |c 1972 | ||
| 650 | |a Social conflict.,Liberty,Elite (social sciences) | ||
| 904 | |i Năm | ||
| 980 | |a Trung tâm Học liệu Trường Đại học Cần Thơ | ||